1054 1962 1320 1833 1125 1491 1423 1096 1990 1849 1949 1834 1144 1591 1939 1566 1475 1551 1621 1647 1488 1251 1657 1301 1290 1718 1352 1103 1746 1039 1243 1677 1134 1513 1611 1501 1297 1009 1100 1600 1461 1628 1870 1308 1427 1299 1954 1388 1203 1843 1059 1914 1095 1310 1234 1586 1227 1508 1946 1712 1164 1042 1987 1205 1330 1005 1390 1747 1843 1682 1967 1772 1481 1291 1096 1799 1014 1378 1271 1191 1631 1992 1115 1507 1795 1034 1455 1955 1086 1361 1248 1443 1001 1264 1404 1874 1653 1055 1603 BCNSPRNW ULIB Ver.6.0+V

เปลี่ยนเป็นภาษาไทย

Change to English
 แสดงรายละเอียดบรรณานุกรม
  กลับหน้าหลัก

Brief Record : Get Marc (ISO 2709) : E-mail record : QR code < ปิดหน้าต่าง
LEADER : 00000nam 2200000uu 4500
001    13399126487
003     ULIB
008    180921s2018||||th 000 0 tha d
020    ^a9781119078531 (paper)
060 10 ^aWY49^bC536
245 00 ^aChildren & young people s nursing skills at a glance / ^cedited by Elizabeth Gormley-Fleming, Deborah Martin.
246 1  ^aChildren and young people s nursing skills at a glance
260    ^aHoboken, NJ : ^b Wiley, ^c 2018.
490 1  ^aAt a glance
504    ^aIncludes bibliographical references and index.
650 12 ^aPediatric Nursing ^0 https://id.nlm.nih.gov/mesh/D010371
655  2 ^aHandbooks ^0 https://id.nlm.nih.gov/mesh/D020479
700 1  ^aGormley-Fleming, Elizabeth, ^eeditor
700 1  ^aMartin, Deborah ^q(Deborah Anne), ^eeditor.
830  0 ^aAt a glance series (Oxford, England)
945    ^p1436^l0^i004661
999    ^aประนอม เกษจรัล
รายการนี้ยังไม่มีแท็ก
คุณยังไม่ได้ล็อกอิน คุณสามารถมีกิจกรรมร่วมกับเว็บไซต์ได้ แต่ต้องล็อกอินก่อน ::
  ล็อกอิน

รายการสื่อสารสนเทศ

ลำดับที่ ประเภท เลขเรียก/บาร์โค้ด สถานที่ สถานะ
1. Book การพยาบาล
หนังสือสำรอง
สถานะ=หนังสือสำรอง
WY49 C536 ฉ.1 
  Barcode: 004661
ห้องสมุดวิทยาเขตสวรรค์ประชารักษ์
►หนังสือทั่วไป
บนชั้น

BibComment


ยังไม่เคยถูกคอมเมนท์

คอมเมนท์ทรัพยากรรายการนี้
  คอมเมนท์: Children young ..


 Copyright 2026. Bcnsprnw @Library